Matematika pro 2. ročník zvláštních odborných učilišť

Bibliographic Details
Main Authors: Kolář, Josef (Author), Pařízková, Bohdana (Author), Rohlíčková, Iva (Author)
Format: Book
Language:Czech
PhysicalDescription:185, [5] s. 8°
Published: Praha Státní pedagogické nakladatelství 1989
Edition:4. vyd.
Series:Učebnice pro střední školy
Subjects:

MARC

LEADER 00000nam a2200000 a 4500
001 vtls001336496
003 SK-MaSNL
005 20260416165350.0
008 251113s1989 xr 0 cze
035 |a SNK000289483 
040 |a SNK  |b slo  |c SNK  |e AACR2 
041 0 |a cze 
044 |a CZ 
080 |a 51:376(075.3)  |2 1981 
100 1 |a Kolář, Josef  |4 aut  |9 323168 
245 1 0 |a Matematika pro 2. ročník zvláštních odborných učilišť  |c Josef Kolář, Bohdana Pařízková, Iva Rohlíčková 
250 |a 4. vyd. 
260 |a Praha  |b Státní pedagogické nakladatelství  |c 1989 
300 |a 185, [5] s.  |c 8° 
490 1 |a Učebnice pro střední školy 
650 0 7 |a matematika  |x učebnice osobitných odb. učilíšť (2. roč.)  |2 SNK  |9 633550 
700 1 |a Pařízková, Bohdana  |4 aut  |9 241481 
700 1 |a Rohlíčková, Iva  |4 aut  |9 582053 
830 0 |a Učebnice pro střední školy  |9 280536 
958 |a RK 
958 |a OND 
999 |c 976754  |d 978684 
952 |t P60, <04>, [BOOK], {604}  |a SNK  |b SNK  |y VYP  |7 0  |o snkIC 113895 D1  |i snkKIP 434/90  |0 0  |1 0  |4 0  |d 1998-07-08  |l 0  |r 2005-01-02 00:00:00  |w 2026-02-24 
952 |t P60, <04>, [BOOK], {604}  |a SNK  |b SNK  |y VYP  |7 0  |o snkIC 113895  |i snkKIP 433/90  |0 0  |1 0  |4 0  |d 1998-07-08  |l 0  |r 2005-01-02 00:00:00  |w 2026-02-24